| 000 | 00698nam a22002417a 4500 | ||
|---|---|---|---|
| 003 | OSt | ||
| 005 | 20220107122835.0 | ||
| 008 | 171123b xxu||||| |||| 00| 0 eng d | ||
| 020 | _a9781681171128 | ||
| 040 | _cIIITMK | ||
| 082 | _a621.3828 ABE/C | ||
| 100 |
_aAbessi, Abramo (Ed.) _913293 |
||
| 245 | _aCommunication acoustics and introduction to speech, audio and psychoacoustics | ||
| 260 |
_aNew York, _bScitus Academics, _c2016. |
||
| 300 | _a265p. | ||
| 650 |
_aCOMMUNICATION ACOUSTICS _913493 |
||
| 650 |
_aPSYCHOACOUSTICS _913494 |
||
| 650 |
_aSOUND _913495 |
||
| 650 |
_aACOUSTICS _913496 |
||
| 650 |
_aSPEECH ACOUSTICS _913497 |
||
| 650 |
_aAUDIO ACOUSTICS _913498 |
||
| 942 |
_2ddc _cBK |
||
| 999 |
_c5912 _d5912 |
||